Les différents candidats politiques français de l'élection 2022 - Statistiques

Statistiques générales
  • Ce quiz a été pris 137 fois
  • Le résultat moyen est 10 sur 12
Statistiques - réponses
Parti politique Participants % Correct
La république en marche emmanuel Macron
100%
Rassemblement National marine Le Pen
99%
La reconquête éric Zemmour
98%
La France insoumise jean luc Mélenchon
96%
Nouveau parti anticapitaliste philippe Poutou
90%
Parti socialiste anne Hidalgo
87%
Lutte ouvrière nathalie Arthaud
82%
Debout la France nicolas Dupont-Aignan
80%
Parti communiste français Fabien Roussel
79%
Europe Écologie les verts yanncik Jadot
72%
Résistons jean Lassalle
69%
Soyons-libres valérie Pecresse
69%
Aucun quiz correspondant
Distribution des résultats
% des personnes avec chaque résultat
Percentile par nombre de réponses
Votre historique - résultats
Vous n’avez pas pris ce quiz